000 02489aam a2200373 i 4500
001 768714001
003 CO-MdFUSB
005 20251015093941.0
007 ta
008 231004t20132013ck ||||g |||| 00| 0 spa d
020 _a9789587370973
040 _aCO-MdFUSB
_bspa
_cCO-MdFUSB
_dCO-MdFUSBC
_erda
041 _aspa
082 _223
_a251.01
_bOT88
100 _aOtremba, Paul,
_eautor
245 1 3 _aEl ministerio del remolcador
_b : toda la iglesia contribuye a la obra del ministerio
_c/ Paul Otremba
246 _aEl ministerio del remolcador :
_btoda la iglesia contribuyendo a la obra del ministerio
264 1 _aBogotá, Colombia :
_bDesafío,
_c[2013]
264 4 _c©2013
300 _a119 páginas
_c; 21 cm
336 _2rdacontent
_atexto
_btxt
337 _2rdamedia
_asin mediación
_bn
338 _2rdacarrier
_avolumen
_bnc
504 _aIncluye bibliografía
505 _a1. Invertir en tesoros eternos -- 2. La necesidad de obreros para la cosecha -- 3. El llamado a la formación de obreros -- 4. El impacto del "ministerio de un remolcador" -- 5. Algunas características de los remolcadores exitosos -- 6. Gente pequeña con un Dios grande -- 7. Llamados a ser pescadores de hombres -- 8. Estilos evangélicos -- 9. El remolcador lleno del Espíritu Santo -- 10. Remolcar a través de un mini grupo.
520 _aEl Ministerio del Remolcador” expone el plan para todo creyente de a pie. Sin menospreciar ninguno de los ministerios destacados de hombres y mujeres grandes de Dios este ensayo presenta el llamado de Dios a toda la iglesia a involucrarse en el ministerio práctico. La cosecha de almas, de la cual habla Jesús, solo se podrá recoger si todos los miembros de la iglesia encuentran su lugar en el cuerpo de Cristo y si entienden su rol en la tarea encomendada por Jesús. Todos podemos convertirnos en obreros aptos para toda buena obra. Todos podemos prepararnos y todos podemos ser instrumentos útiles en las manos de un Dios que nos da el poder para ser discípulos que reflejan la imagen de Jesús y que hacen lo que Jesús quiere que hagamos para ver así cumplida la visión de Dios de una multitud incontable de personas de toda nación, toda tribu y toda lengua reunida alrededor del trono de Dios, adorando al único y verdadero Rey.
563 _aRústico
650 0 _919
_aVida cristiana
650 7 _9222
_aIglesias protestantes
653 _aEvangelismo
653 _aMinisterios
942 _cBK
945 _asor1564
999 _c69114
_d69114